| 000 | 00498nam a2200181Ia 4500 | ||
|---|---|---|---|
| 005 | 20250508152628.0 | ||
| 008 | 008 250505s9999 xx 000 0 eng d | ||
| 037 | _aTextual | ||
| 040 |
_aFEDL _beng _cFEDL |
||
| 041 |
_aeng _2eng |
||
| 084 |
_a510, HAD _qFEDL |
||
| 100 |
_aHandamard Jacques _9761830 |
||
| 245 | 0 | _aEssay on the psychology of invention in the mathematical field | |
| 260 | _c1954 | ||
| 300 | _axiii,145p | ||
| 942 |
_cTEXL _h510, HAD |
||
| 999 |
_c1337693 _d1337693 |
||